000 00715cab a2200241 4500
001 WB2824-04
008 090401t1992 xxu||||| |||| 00| 0 eng d
035 _a(Sirsi) u39031
041 _aeng
245 _aFacilities management
260 _c1992
300 _aLOAN
350 _a0
490 _aTimes
_v17 June 1992, 28-29(2)
520 _aLooks at the rising interest in facilities management techniques, the increase in outside contracting and includes a profile of Capita.
650 _aASSOCIATION OF FACILITIES MANAGERS
650 _aCAPITA
650 _aFACILITIES MANAGEMENT
_96240
650 _aOUTSIDE CONTRACTING
690 _aBlock management
_96220
942 _n0
948 _c04/03/1997
999 _c25025
_d25025